00868nam a22002417a 450000500170000001000130001702000220003003500130005203700160006504000120008108200200009310000270011324500590014026000450019927000420024430000260028650000510031265000320036365000350039594200290043099900190045995201480047820170124105922.0 aA-541109 c00.00a8170244234 aA-541109 bCen Lib/Ret aDPLbEN a305.420954bPAN aPanda, Snehalata94924 aWomen and social change in India /cby Snehalata Panda aNew DelhibAshish Publishing Housec1992 a8/81, Punjabi BaghbNew Delhie110026 avii,124p. :c22cm(Hb) aIncludes bibliographical references and index aSocial aspectszIndia94925 aPolitical HistoryzIndia94926 2ddccENh305.420954mPAN c123236d123236 04104070aLbLd2015-06-04eCen Lib/Retg0.00l0o305.420954 PANpA-541109r2015-06-04 00:00:00t1v0.00w2015-06-04yENzW/d list no. 6812/9